Регионална библиотека "Любен Каравелов" - Русе

Три чаши чай (Запис номер 94025)

MARC детайли
000 -Лидер
Контролно поле с фиксирана дължина 01588nam a2200349 c 4500
003 - Код на организацията, давaща контролен номер
Контролно поле BLK
005 - Дата и час на последна редакция
Контролно поле 20250417115553.0
008 - Елементи от данни с фиксирана дължина
fixed length control field 180408b bul|||||r ||||||| ||bul||
010 ## - Наследен системен номер
LC control number KNG00098843000
020 ## - Международен стандартен номер на книга ISBN
Международен стандартен номер на книга ISBN 978-954-26-0930-8
-- издат.: Хермес
040 ## - Източник на каталожния запис
Идентификатор на билиотеката - собственик на записа BLK
041 ## - Код за език
Код за езика на текст/звукозапис или на отделно заглавие Български
Код за езика КДБФ Български
072 #7 - Код за тематичната категория
Код организация bullib
Код за тематична категория Н83
Текст Чужда художествена литература Н
080 ## - УДК
Текстов определител УДК Американска литература (на САЩ)
УДК код - определител по УДК 821.111(73)
УДК определител -94
УДК - код + определител 821.111(73)-94
100 1# - Редна дума - Автор
Автор Мортенсън, Грег
Авторска отговорност първи автор
R(LIN) 99226
139 ## - Редно поле
Редна дума Мортенсън, Грег и др.
Авторски знак Моро - М 90
245 10 - Сведения за заглавието
Заглавие Три чаши чай
Редно поле (дума) Грег Мортенсън; съавт. Дейвид Оливър Релин; прев. от англ. Светлозара Илиева Лесева.
257 ## - Страна на издаване
Страна на създаване/издаване Съединени американски щати
260 ## - Област на издателските данни
-- Пловдив
Име на издателя, разпространителя и проч. Хермес
Година на издаване 2010
Печатница Хасково : Полиграфюг
300 ## - Физическа характеристика
Страници 368 с., 4 л.
Илюстрации и др. сн.
Размери/Мащаб 21 см
380 ## - Жанр
Жанр Худож. лит.
500 ## - Общи забележки
Забележка Ориг. загл. Three Cups of Tea : One man's mission to Promote peace... One school at a time / Greg Mortenson, David Oliver Relin. - Азб. показалец.
659 ## - Тематичен бюлетин
Тематичен бюлетин Н
700 1# - Други автори (авторска отговорност)
Лично име Релин, Дейвид Оливър
Автороска отговорност (Описва отношението между автора и произведението) съавт.
9 (RLIN) 115862
700 1# - Други автори (авторска отговорност)
Лично име Лесева, Светлозара Илиева
Автороска отговорност (Описва отношението между автора и произведението) прев. от англ.
9 (RLIN) 276663
852 ## - Местоположение
Форматна сигнатура Цб 250430
856 4# - Електронен адрес и достъп
Електронен формат pdf - файл
Път до файла /url/
856 4# - Електронен адрес и достъп
Електронен формат pdf - файл
Път до файла /url/
942 ## - АРТИКУЛИ
Вид на библиотечния материал Книги
Скрит в OPAC Не
Koha issues (borrowed), all copies 31
944 ## - СЪЗДАВАНЕ И РЕДАКЦИЯ на ЗАПИСА
Създаване/Редакция Създаване
Дата на регистрацията/редакция 17.12.2010
Статус, дата на статуса Цветомила Тодорова
Служител, извършил регистрацията/редакцията 30576
944 ## - СЪЗДАВАНЕ И РЕДАКЦИЯ на ЗАПИСА
Създаване/Редакция Редакция
Дата на регистрацията/редакция 08.03.2013
Статус, дата на статуса ф /
Служител, извършил регистрацията/редакцията
999 ## - СИСТЕМНИ КОНТРОЛНИ НОМЕРА
Koha biblionumber 94025
Koha biblioitemnumber 94025
Наличности
Код за отписване Код за изгубен артикул Код за повреда Коз за рестрикции Код за отдаване Артикулен № Име на библиотеката - собственик Име на библиотеката, в която се намира в момента Статус (Текущо местоположение) Дата на вписване в системата Местоположение - отдел Цена в лева Инвентарен номер Систематично азбучна сигнатура Баркод Номер на екземпляра Цена в евро Служебна бележка Служебен тип на артикула Източник на класификационната схема
  Не е изгубен Не е повреден без рестрикции заемане за дома 151064 Регионална библиотека "Любен Каравелов" Русе Регионална библиотека "Любен Каравелов" Русе Заемна - подръчен фонд 2010-12-16 Заемна - подръчен фонд 14.95 120000748429 П 820(73)-9/М 90 120000748429 1 7.64 Дост: DA Вид: А N: 25 Дата: 16.12.2010 Дата инв: 13.02.2018 Бележки инв: П2018 Книги  
Изтеглен Не е изгубен Не е повреден без рестрикции заемане за дома 151065 Регионална библиотека "Любен Каравелов" Русе Регионална библиотека "Любен Каравелов" Русе Заемна - подръчен фонд 2010-12-16 Заемна - подръчен фонд 14.95 120000748430 П 820(73)-9/М 90 120000748430 2 7.64 Дост: DA Вид: А N: 25 Дата: 16.12.2010 Дата инв: 13.02.2018 Бележки инв: П2018 Книги  
  Не е изгубен Не е повреден без рестрикции ползва се в читалня 151066 Регионална библиотека "Любен Каравелов" Русе Регионална библиотека "Любен Каравелов" Русе Хранилище 2011-05-03 Хранилище 14.95 120000750559 Цб 250430 120000750559 3 7.64 Дост: Dp Вид: Д N: 29 Дата: 21.07.2010 Книги  
  Не е изгубен Не е повреден без рестрикции заемане за дома 151067 Регионална библиотека "Любен Каравелов" Русе Регионална библиотека "Любен Каравелов" Русе Заемна - подръчен фонд 2013-02-22 Заемна - подръчен фонд 14.95 120000764460 П 820(73)-9/М 90 120000764460 4 7.64 Дост: Pk Вид: Ф N: 353 Дата: 22.02.2013 Дата инв: 07.03.2018 Бележки инв: П2018 Книги  
  Не е изгубен Не е повреден без рестрикции заемане за дома 151068 Регионална библиотека "Любен Каравелов" Русе Регионална библиотека "Любен Каравелов" Русе Заемна - подръчен фонд 2013-02-22 Заемна - подръчен фонд 14.95 120000764461 П 820(73)-9/М 90 120000764461 5 7.64 Дост: Pk Вид: Ф N: 353 Дата: 22.02.2013 Дата инв: 15.02.2018 Бележки инв: П2018 Книги Universal Decimal Classification
  Не е изгубен Не е повреден без рестрикции заемане за дома 151069 Регионална библиотека "Любен Каравелов" Русе Регионална библиотека "Любен Каравелов" Русе Заемна - подръчен фонд 2013-02-22 Заемна - подръчен фонд 14.95 120000764462 П 820(73)-9/М 90 120000764462 6 7.64 Дост: Pk Вид: Ф N: 353 Дата: 22.02.2013 Дата инв: 15.02.2018 Бележки инв: П2018 Книги  
  Не е изгубен Не е повреден без рестрикции заемане за дома 730924 Регионална библиотека "Любен Каравелов" Русе Регионална библиотека "Любен Каравелов" Русе Заемна - подръчен фонд 2019-07-18 Заемна - подръчен фонд 14.95   П 820(73)-9/М 90 120000834635   7.64   Книги Universal Decimal Classification
Vip Innovations Ltd, Rousse, Bulgaria 2025